| 000 | 00688nam a2200277Ia 4500 | ||
|---|---|---|---|
| 005 | 20250425162345.0 | ||
| 008 | 250425s9999 xx 000 0 und d | ||
| 020 | _a9789702609674 | ||
| 041 | _aspa | ||
| 082 | _a621.3192 | ||
| 100 | _aFLOYD, THOMAS L. | ||
| 245 | 0 | _aPRINCIPIOS DE CIRCUITOS ELECTRICOS | |
| 250 | _a8A ED. | ||
| 260 | _aMEXICO | ||
| 260 |
_aMéxico _bPEARSON EDUCACION _c2007 |
||
| 300 | _a948 | ||
| 500 | _aCADA EJEMPLAR INCLUYE 1CD | ||
| 650 | _aCAPACITORES | ||
| 650 | _aCIRCUITOS ELECTRICOS | ||
| 650 | _aELECTRONICA | ||
| 650 | _aLEY DE OHM | ||
| 650 | _aPOTENCIA ELECTRICA | ||
| 650 | _aVOLTAJE-DISTRIBUCION | ||
| 942 | _c01 | ||
| 010 | _a65352 | ||
| 999 |
_c227598 _d227598 |
||